How does Urbanisation Affect Agricultural Economic Resilience? Evidence from China
Ako dôležitá cesta k prelomeniu duálneho systému medzi mestom a vidiekom a podpore modernizácie poľnohospodárstva v Číne môže mať proces urbanizácie silný vplyv na podporu hospodárskej odolnosti poľnohospodárstva (AER). Pomocou panelových údajov z provinčných administratívnych oblastí pevninskej Čín...
Salvato in:
| Autore principale: | |
|---|---|
| Altri autori: | , |
| Natura: | Capitolo di libro |
| Lingua: | inglese |
| Soggetti: | |
| Tags: |
Nessun Tag, puoi essere il primo ad aggiungerne!!
|
MARC
| LEADER | 00000naa a2200000 4500 | ||
|---|---|---|---|
| 001 | 0305095 | ||
| 005 | 20241114085447.3 | ||
| 041 | 0 | |a eng | |
| 044 | |a CZ | ||
| 245 | 1 | 0 | |a How does Urbanisation Affect Agricultural Economic Resilience? Evidence from China |c Ruihan Wang, Zheng Lu, Chunyu Tang |
| 520 | |a Ako dôležitá cesta k prelomeniu duálneho systému medzi mestom a vidiekom a podpore modernizácie poľnohospodárstva v Číne môže mať proces urbanizácie silný vplyv na podporu hospodárskej odolnosti poľnohospodárstva (AER). Pomocou panelových údajov z provinčných administratívnych oblastí pevninskej Číny sme vytvorili nový systém ukazovateľov na meranie AER a použili sme systémovú zovšeobecnenú metódu momentového modelu na preskúmanie vplyvu urbanizácie na AER a moderujúce úlohy presunu pôdy a heterogénneho človeka. kapitál. Naša štúdia priniesla tri pozoruhodné zistenia. Po prvé, proces urbanizácie môže výrazne zlepšiť AER. | ||
| 610 | 2 | 0 | |a poľnohospodárstvo |
| 610 | 2 | 0 | |a urbanizácia |
| 610 | 2 | 0 | |a Čína |
| 610 | 2 | 0 | |a vidiek |
| 610 | 2 | 0 | |a mestá |
| 610 | 2 | 0 | |a ekonomika |
| 100 | 1 | |a Wang, Ruihan | |
| 700 | 1 | |a Lu, Zheng | |
| 700 | 1 | |a Tang, Chunyu | |